00626nam a22001932 4500001001100000005001700011008004100028020001700069040001500086245011500101250001300216260004600229300001700275650003400292700003200326700003500358700003600393852000300429000002436720151217152300.0130909s xx 000 0 eng d a0763792008 : aKABUcKABU10aForensic nursing :ba handbook for practice /cedited by Rita M. Hammer, Barbara Moynihan, Elaine M. Pagliaro. a2nd ed. aBurlington, MA :bJones & Barlett,c2013. axix, 518 p. 0aForensic nursing.@00001843661 aHammer, Rita M.@00001843881 aMoynihan, Barbara.@00001843891 aPagliaro, Elaine M.@00001843901